Fr. Conceicao Rodrigues College of Engineering

Introduction To Computers (Record no. 24229)

MARC details
000 -LEADER
fixed length control field 00327nam a2200157Ia 4500
082 ## - DEWEY DECIMAL CLASSIFICATION NUMBER
Classification number 5.13
Item number NOR
100 ## - MAIN ENTRY--PERSONAL NAME
Personal name Norton/Peter
250 ## - EDITION STATEMENT
Edition statement 7
245 ## - TITLE STATEMENT
Title Introduction To Computers
260 ## - PUBLICATION, DISTRIBUTION, ETC.
Name of publisher, distributor, etc. Tata Mc Graw hill Ltd.
Date of publication, distribution, etc. 2011
366 ## - TRADE AVAILABILITY INFORMATION
Publishers's discount category 25
300 ## - PHYSICAL DESCRIPTION
Extent 628
546 ## - LANGUAGE NOTE
Language note ENGLISH
-- Computers
942 ## - ADDED ENTRY ELEMENTS (KOHA)
Koha item type BOOK
Holdings
Withdrawn status Lost status Damaged status Not for loan Collection Home library Current library Date acquired Source of acquisition Cost, normal purchase price Inventory number Total Checkouts Full call number Barcode Date last seen Cost, replacement price Price effective from Koha item type
        CRC Fr. Agnel's C.Rodrigues College of Engineering Fr. Agnel's C.Rodrigues College of Engineering 17/03/2023 Allied Publishers 277.50 201 dt 27/04/2011   5.13 NOR 21461 17/03/2023 370.00   BOOK